Freud: una interpretación de la cultura
Salvato in:
| Autore principale: | |
|---|---|
| Natura: | Libro |
| Lingua: | spagnolo |
| Pubblicazione: |
Ciudad de México
Siglo Veintiuno
1970
|
| Edizione: | 1a. ed |
| Serie: | Teoría
|
| Soggetti: | |
| Tags: |
Aggiungi Tag
Nessun Tag, puoi essere il primo ad aggiungerne!!
|
MARC
| LEADER | 00000cam a2200000 a 4500 | ||
|---|---|---|---|
| 001 | UCH1540 | ||
| 003 | CL-VaPUC | ||
| 008 | 090430e19700000MX |||||||||||||||||spa|d | ||
| 020 | |a 9789682301735 | ||
| 082 | 0 | 4 | |a 150.1952 |b RIC |2 21 |
| 100 | 0 | |a Ricoeur, Paul |e author |9 446 | |
| 245 | 1 | 0 | |a Freud: una interpretación de la cultura |
| 250 | |a 1a. ed | ||
| 300 | |a 483 p | ||
| 942 | |c BK | ||
| 945 | |d 20090430 00:00:00 |a rbrito | ||
| 260 | |a Ciudad de México |b Siglo Veintiuno |c 1970 | ||
| 600 | 0 | |a Freud, Sigmund |e author |9 307892 | |
| 650 | 0 | |a Psicoanálisis |9 265702 | |
| 650 | 0 | |a Hermenéutica |9 269473 | |
| 650 | 0 | |a Dialéctica |9 257902 | |
| 650 | 0 | |a Interpretación de los sueños |9 536058 | |
| 650 | 0 | |a Sueños |9 267047 | |
| 583 | |a last modification |c 20140121 08:41:54 |k Rodrigo Vera | ||
| 490 | 0 | |a Teoría | |
| 999 | |c 333551 |d 333549 | ||
| 952 | |0 0 |1 0 |4 0 |6 150_195200000000000_RIC_1970 |7 0 |8 A |9 422034 |a FDOPOS |b FDOPOS |d 2019-11-22 |i 4884531 |o 150.1952 RIC 1970 |p 4884531 |r 2025-01-22 |w 2019-11-22 |y BK |k DLH | ||